The Leadership Brain for Dummies (Record no. 2277)

MARC details
000 -LEADER
fixed length control field 00507nam a22001937a 4500
003 - CONTROL NUMBER IDENTIFIER
control field OSt
005 - DATE AND TIME OF LATEST TRANSACTION
control field 20150924153126.0
008 - FIXED-LENGTH DATA ELEMENTS--GENERAL INFORMATION
fixed length control field 150924b xxu||||| |||| 00| 0 eng d
020 ## - INTERNATIONAL STANDARD BOOK NUMBER
International Standard Book Number 9780470542620
040 ## - CATALOGING SOURCE
Transcribing agency DDC
082 ## - DEWEY DECIMAL CLASSIFICATION NUMBER
Classification number 303.34 SPR 2010
100 ## - MAIN ENTRY--PERSONAL NAME
Personal name Sprenger, Marilee
9 (RLIN) 5768
245 ## - TITLE STATEMENT
Title The Leadership Brain for Dummies
260 ## - PUBLICATION, DISTRIBUTION, ETC. (IMPRINT)
Place of publication, distribution, etc. Nwe Jersey;
Name of publisher, distributor, etc. Wiley,
Date of publication, distribution, etc. 2010
300 ## - PHYSICAL DESCRIPTION
Extent xviii,340p;
Other physical details ill:
Dimensions 24cm
504 ## - BIBLIOGRAPHY, ETC. NOTE
Bibliography, etc Index included
650 ## - SUBJECT ADDED ENTRY--TOPICAL TERM
Topical term or geographic name as entry element Management, Leadership
9 (RLIN) 5769
942 ## - ADDED ENTRY ELEMENTS (KOHA)
Source of classification or shelving scheme Other/Generic Classification Scheme
Koha item type Open Shelf
Holdings
Withdrawn status Lost status Source of classification or shelving scheme Damaged status Not for loan Home library Current library Date acquired Source of acquisition Inventory number Total Checkouts Full call number Barcode Date last seen Koha item type Date last checked out
    Dewey Decimal Classification     MUST Main Library MUST Main Library 24/09/2015   14/38340   303.34 SPR 2010 2015-2277 24/09/2015 Open Shelf  
    Dewey Decimal Classification     MUST Main Library MUST Main Library 25/09/2015   14/38339 1 303.34 SPR 2010 2015-2284 04/11/2016 Open Shelf 20/10/2016